Kolesá
Román populárneho autora, zaoberajúci sa americkým automobilovým priemyslom
| Main Author: | |
|---|---|
| Other Authors: | |
| Format: | CD Audio |
| Language: | Slovak English |
| PhysicalDescription: | 1 elektronický optický disk (CD-ROM) digitál., MP3 12 cm |
| Published: |
Levoča
Slovenská knižnica pre nevidiacich Mateja Hrebendu
2015
|
| ISBN: | 9788018039762 (CDROM) |
| Subjects: |
MARC
| LEADER | 00000cim a2200000 a 4500 | ||
|---|---|---|---|
| 001 | vtls010687611 | ||
| 003 | SK-MaSNL | ||
| 005 | 20260301091235.0 | ||
| 007 | sd fungnnmmned | ||
| 008 | 160430s2015 xo nnnnfs f n slo | ||
| 015 | |a SNBJ2016 | ||
| 020 | |a 9788018039762 (CDROM) | ||
| 040 | |a SNK |b slo |c SNK |e AACR2 | ||
| 041 | 1 | |d slo |h eng | |
| 044 | |a xo |c SK | ||
| 072 | 7 | |a 821.111-3 |x Anglická próza, anglicky písaná |2 konspekt | |
| 080 | |a 821.111(71)-31 |2 2011 | ||
| 100 | 1 | |a Hailey, Arthur, |d 1920-2004 |4 aut |9 89285 | |
| 245 | 1 | 0 | |a Kolesá |h elektronický zdroj |c Arthur Hailey ; číta: Igor Makovický |
| 260 | |a Levoča |b Slovenská knižnica pre nevidiacich Mateja Hrebendu |c 2015 | ||
| 300 | |a 1 elektronický optický disk (CD-ROM) |b digitál., MP3 |c 12 cm | ||
| 306 | |a 173000 | ||
| 520 | 8 | |a Román populárneho autora, zaoberajúci sa americkým automobilovým priemyslom | |
| 521 | |a Pre nevidiacich, slabozrakých a inak zdravotne postihnutých | ||
| 655 | 7 | |a zvukové záznamy |2 SNKPH |9 70720 | |
| 655 | 7 | |a CD-ROM |2 SNKPH |9 70236 | |
| 655 | 7 | |a kanadské romány (anglicky) |2 SNKPH |9 70623 | |
| 700 | 1 | |a Makovický, Igor, |d 1947-2014 |4 nrt |9 170500 | |
| 919 | |a 978-80-18-03976-2 | ||
| 958 | |a SX | ||
| 958 | |a LX | ||
| 958 | |a UP | ||
| 999 | |c 670710 |d 672640 | ||
| 952 | |a SNK |b SNK |y PREZ |7 0 |p 17A1160985 |o snkSCD 3572 |i snk2015/21516 |8 0 |0 0 |1 0 |4 0 |d 2015-07-14 |l 0 |r 2026-02-23 19:25:08 |w 2026-02-23 | ||


